Science Quiz

Random Science or Chemistry Quiz

Noble Gases Quiz Stats

 Plays Quiz Updated Mar 18, 2020

Support Sporcle.
Go Orange.
Score 0/6 Timer 01:30
0 Plays Today
% Correct
Helium
85.1%
Neon
84.2%
Argon
82.3%
Xenon
76.5%
Krypton
62.2%
Radon
59.6%

From the Vault

30 Facts That Start with 'E'

by QuizzleMyShizzle

Fun Fact: The letter 'E' is lactose intolerant. At least, that's what we heard.
Remove Ads.
Support Sporcle.
Get the best of Sporcle when you Go Orange. This ad-free experience offers more features, more stats, and more fun while also helping to support Sporcle. Thank you for becoming a member.

Show Comments

Extras

Top Quizzes Today


Score Distribution

Your Account Isn't Verified!

In order to create a playlist on Sporcle, you need to verify the email address you used during registration. Go to your Sporcle Settings to finish the process.

Report this User

Report this user for behavior that violates our Community Guidelines.

Details: